• 首页
  • 本馆介绍
  • 公告通知
  • 最新文献
  • 馆藏检索
  • 电子资源
  • 读者导购
  • 参考咨询
  • 我的图书馆
  • 登录
  • 详细信息显示
  • 放入我的书架
  • 预约/预借图书
  • 作者相关作品
  • 分类相关作品
  • 丛书相关作品
  • 出版社相关作品

书目信息

  • 表格格式
  • 工作单格式
  • 卡片格式
题名:
小学数学教育学
    
 
作者: 王权 主编
分册:  
出版信息: 上海   华东师范大学出版社  1991.8
页数: 260页
开本: 20cm
丛书名:
单 册:
中图分类: G623.5
科图分类: 38.6351
主题词: 数学教学-教育学--小学 , 教育学-数学教学--小学
电子资源:
ISBN: 7-5617-0708-8
000 00692nam0 2200241 45
001 0192000822
005 20070608143826.78
010    @a7-5617-0708-8@dCNY7.70
100    @a19920115d1991 em y0chiy0121 ea
101 0  @achi
102    @aCN@b310000
105    @ay z 000yy
200 10 @a小学数学教育学@AXIAO XUE SHU XUE JIAO YU XUE@f王 权主编@FWANG QUAN ZHU BIAN
210    @a上海@c华东师范大学出版社@d1991.8@h1996
215    @a260页@d20cm
540 1  @a教育@AJIAO YU
606    @a数学教学-教育学@x小学
606    @a教育学-数学教学@x小学
690    @aG623.5@v三版
692    @a38.6351
701  0 @a王权@AWANG QUAN@4主编
801  0 @aCN@bTSSF@c20070608
905    @a10447@dG623.5@e292
    
    小学数学教育学/王 权主编.-上海:华东师范大学出版社,1991.8(1996)
    260页;20cm
    
    
    ISBN 7-5617-0708-8:CNY7.70
    
●
相关链接 在E读中查询图书 在五车中查询图书 在当当中查询图书 在豆瓣中查询图书


正题名:小学数学教育学     索取号:G623.5/292         预约/预借

序号 登录号 条形码 馆藏地/架位号 状态 备注
1 0517402   205174023   第一样本阅览室/ [索取号:G623.5/292] 在馆    
唐山师范学院图书馆 欢迎您!
大连网信软件有限公司© 版权所有